| 000 | 00885cam a2200277 a 4500 | ||
|---|---|---|---|
| 001 | 580340 | ||
| 003 | 0 | ||
| 005 | 20170223141912.0 | ||
| 008 | 901009s1991 nyua b 001 0 eng | ||
| 010 | _a 90020608 | ||
| 020 | _a0070522634 : | ||
| 020 | _a9780070522633 | ||
| 040 | _cSPU | ||
| 050 | 0 | 0 |
_aQ335 _b.R53 1991 |
| 100 | 1 | _aRich, Elaine. | |
| 245 | 1 | 0 |
_aArtificial intelligence / _cElaine Rich, Kevin Knight. |
| 250 | _a2nd ed. | ||
| 260 |
_aNew York : _bMcGraw-Hill, _c1991. |
||
| 300 |
_axvii, 621 p. : _bill. ; _c25 cm. |
||
| 504 | _aIncludes bibliographical references (p. 583-603) and indexes. | ||
| 650 | 0 | _aArtificial intelligence. | |
| 700 | 1 | _aKnight, Kevin. | |
| 856 | 4 | 2 |
_3Publisher description _uhttp://www.loc.gov/catdir/description/mh022/90020608.html |
| 856 | 4 | 1 |
_3Table of contents _uhttp://www.loc.gov/catdir/toc/mh021/90020608.html |
| 942 |
_2lcc _cBK |
||
| 999 |
_c48951 _d48951 |
||